Qui fait quoi ? Aventures de Tintin - Clic - Statistiques

Statistiques générales
  • Ce quiz a été pris 149 fois
  • Le résultat moyen est 11 sur 20
Statistiques - réponses
Hint Réponse % Correct
Guépard apprivoisé de l'émir Mohammed Ben Kalish Ezab dans Coke en stock. Aïcha
76%
Chef d'une bande rivale de celle d'Al Capone, le Gangsters' Syndicate of Chicago dans Tintin en Amérique. Bobby Smiles
72%
Domestique affecté à la surveillance du capitaine Haddock et du professeur Tournesol dans Tintin et les Picaros. Manolo
72%
Fonctionnaire retraité qui apparaît dans Le Secret de La Licorne. Kleptomane spécialisé dans le vol de portefeuilles. Aristide Filoselle
69%
Directeur du Centre de recherches atomiques de Sbrodj, en Syldavie, où se construit une fusée lunaire. Baxter
69%
Journaliste de Paris-Flash, qui vient à Moulinsart interviewer la Castafiore. Jean-Loup de la Batellerie
66%
Complice des frères Loiseau, deux antiquaires malhonnêtes dans Le Secret de La Licorne, abattu devant chez Tintin. Barnabé
62%
Marin ami du capitaine Haddock, qui a apparaît dans l'Etoile mystérieuse, et souvent cité. Lui même capitaine. Chester
60%
Explorateur 5ème victime de la malédiction de Rascar Capac : il s'endort dans un taxi en se rendant chez Tintin. Marc Charlet
60%
Commandant de la gendarmerie d'un petit village syldave dans Le Sceptre d'Ottokar. Wizskizsek
60%
Cinéaste membre de l'expédition Sanders-Hardmuth dans Les Sept Boules de cristal. Clairmont
54%
Officier français commandant le poste d'Afghar dans Le Crabe aux pinces d'or. Il recueille Tintin et le capitaine Haddock dans le désert. Delcourt
54%
Créateur d'un collier que porte Bianca Castafiore dans Les Bijoux de la Castafiore. Tristan Bior
54%
Peintre-sculpteur découvert mort à son domicile dans L'Oreille cassée. Balthazar
53%
Un des égyptologues momifiés dans le tombeau du pharaon Kih-Oskh, dans Les Cigares du pharaon. I.E. Roghliff
49%
Photographe officiel de la cour de Syldavie, membre du complot visant à destituer le roi Muskar XII dans Le Sceptre d'Ottokar. Czarlitz
47%
Cuisinier du navire l'Aurore dans L'Étoile mystérieuse, puis du Sirius dans Le Trésor de Rackham le Rouge. Van Damme
41%
Inspecteur de police en civil, chargé de la surveillance du professeur Bergamotte dans Les Sept Boules de cristal. Chaubet
34%
Bandit qui intègre l'équipage de l'avion privé de Laszlo Carreidas à l'aéroport de Singapour , dans Vol 714 pour Sydney, chargé des communications radio. Hans Boehm
32%
Un des matelots du cargo Karaboudjan dans Le Crabe aux pinces d'or. Jumbo
28%
Aucun quiz correspondant
Distribution des résultats
% des personnes avec chaque résultat
Percentile par nombre de réponses
Votre historique - résultats
Vous n’avez pas pris ce quiz